000 01103cad a2200253 4500
001 L157744
002 19295
008 130424n2013 000 0 eng u
020 _a9780415538442
035 _a(Sirsi) u157744
041 0 _aeng
050 0 4 _a690.018 $2 18
100 1 _aNaoum, S.G.
245 0 0 _aDissertation research and writing for construction students
250 _a3rd ed.
260 _aOxford
_bButterworth Heinemann
_c2013
350 _a21.99
505 1 _aSelecting a topic and writing the dissertation proposal -- Reviewing the literature -- Approaches to data collection -- Techniques for data collection -- Questionaire construction -- Measurements and probability -- Analysis of the results -- Structuring and writing the dissertation -- Dissertation supervision and assessment.
520 _aGuide for built environment students covers research methodologies, writing tips and advice on what is expected of students. Includes case studies and examples of good practice.
590 _aKA
651 4 _aUnited Kingdom
_y
690 _aBUILT ENVIRONMENT
942 _n0
999 _c114948
_d114948